A los artistas del mundo

Guardado en:
Detalles Bibliográficos
Autor principal: Berlanga, Jessica (Autor)
Formato: Libro
Lenguaje:español
inglés
Publicado: Ciudad de México MUAC 2016
Santiago MSSA 2016
Edición:1a. ed
Materias:
Etiquetas: Agregar Etiqueta
Sin Etiquetas, Sea el primero en etiquetar este registro!

MARC

LEADER 00000cam a2200000 a 4500
001 UCC6532
003 CL-VaPUC
008 181213e20160000mx |||||||||||||||||spa|d
020 |a 9786070251757 
041 0 7 |a spa  |2 CL-VaPUC 
041 0 7 |a eng  |2 CL-VaPUC 
082 0 4 |a 069.0983  |b BER  |2 21 
100 0 |a Berlanga, Jessica  |e author  |9 601001 
245 1 0 |a A los artistas del mundo 
246 1 0 |a To the artists of the world 
246 1 0 |a Museo de la Solidaridad Salvador Allende México - Chile, 1971-1977 
250 |a 1a. ed 
300 |a 239 p 
942 |c BK 
945 |d 20181213 14:55:00  |a dcastane 
260 |a Ciudad de México  |b MUAC  |c 2016 
260 |a Santiago  |b MSSA  |c 2016 
650 7 |a MUSEOS NACIONALES  |2 CL-VaPUC  |9 601002 
650 7 |a GALERIAS DE ARTE  |2 CL-VaPUC  |9 601003 
650 0 |a Arte contemporáneo  |9 338008 
583 |a last modification  |c 20181213 14:55:00  |k Rodrigo Vera 
999 |c 373472  |d 373470 
952 |0 0  |1 0  |3 erb  |4 0  |6 069_098300000000000_BER_2016_2016  |7 0  |8 R  |9 491581  |a BIBART  |b BIBART  |i 5523176  |o 069.0983 BER 2016 2016  |p 5523176  |r 2025-03-13  |w 2019-11-24  |y BK_R  |z Catalogado en:20181213  |k ART